Регионална библиотека "Любен Каравелов" - Русе

Макроикономика (Запис номер 83649)

MARC детайли
000 -Лидер
Контролно поле с фиксирана дължина 01399nam a2200397 c 4500
003 - Код на организацията, давaща контролен номер
Контролно поле BLK
005 - Дата и час на последна редакция
Контролно поле 20250509151010.0
008 - Елементи от данни с фиксирана дължина
fixed length control field 180408b bul|||||r ||||||| ||bul||
010 ## - Наследен системен номер
LC control number KNG00088213000
020 ## - Международен стандартен номер на книга ISBN
Международен стандартен номер на книга ISBN 978-954-427-769-7
040 ## - Източник на каталожния запис
Идентификатор на билиотеката - собственик на записа BLK
041 ## - Код за език
Код за езика на текст/звукозапис или на отделно заглавие Български
Код за езика КДБФ Български
080 ## - УДК
Текстов определител УДК Макроикономика. Микроикономика
УДК код - определител по УДК 330.101.54
УДК определител (076)(075.8)
УДК - код + определител 330.101.54(076)(075.8)
100 1# - Редна дума - Автор
Автор Найденова, Снежана Георгиева
Авторска отговорност първи автор
R(LIN) 274291
139 ## - Редно поле
Редна дума Макроикономика
Авторски знак Мак - М 19
245 10 - Сведения за заглавието
Заглавие Макроикономика
Подзаглавни данни Тестове, задачи, въпроси за дискусии
Редно поле (дума) Снежана Георгиева Найденова.
250 ## - Област на изданието
Сведения за изданието 4. изд.
257 ## - Страна на издаване
Страна на създаване/издаване България
260 ## - Област на издателските данни
Име на издателя, разпространителя и проч. Абагар
Година на издаване 2008
300 ## - Физическа характеристика
Страници 176 с.
Илюстрации и др. с табл.
Размери/Мащаб 24 см
380 ## - Жанр
Жанр Обществени науки
500 ## - Общи забележки
Забележка 1. изд. 2004 с авт. Кр. Кунев и др.
650 #4 - Допълнително описание по предмет – тема
Основно описание – тема или топоним Макроикономика - учебници за ВУЗ
9 (RLIN) 244890
653 ## - Ключова дума – ненормативна
Ключова дума макроикономика
653 ## - Ключова дума – ненормативна
Ключова дума задачи
653 ## - Ключова дума – ненормативна
Ключова дума тестове
653 ## - Ключова дума – ненормативна
Ключова дума учебни помагала
653 ## - Ключова дума – ненормативна
Ключова дума ВУЗ
852 ## - Местоположение
Форматна сигнатура Цб 243119
856 4# - Електронен адрес и достъп
Електронен формат pdf - файл
856 4# - Електронен адрес и достъп
Електронен формат pdf - файл
999 ## - СИСТЕМНИ КОНТРОЛНИ НОМЕРА
Koha biblionumber 83649
Koha biblioitemnumber 83649
942 ## - АРТИКУЛИ
Вид на библиотечния материал Книги
Скрит в OPAC Не
Периодичен библиозапис Да
Koha issues (borrowed), all copies 2
944 ## - СЪЗДАВАНЕ И РЕДАКЦИЯ на ЗАПИСА
Създаване/Редакция Създаване
Дата на регистрацията/редакция 10.03.2009
Служител, извършил регистрацията/редакцията 30542
Статус, дата на статуса Русанова Ирена
944 ## - СЪЗДАВАНЕ И РЕДАКЦИЯ на ЗАПИСА
Създаване/Редакция Редакция
Дата на регистрацията/редакция 03.04.2009
999 ## - СИСТЕМНИ КОНТРОЛНИ НОМЕРА
Koha biblioitemnumber 83649
Наличности
Код за отписване Код за изгубен артикул Код за повреда Коз за рестрикции Код за отдаване Артикулен № Име на библиотеката - собственик Име на библиотеката, в която се намира в момента Статус (Текущо местоположение) Дата на вписване в системата Местоположение - отдел Цена в лева Инвентарен номер Систематично азбучна сигнатура Баркод Номер на екземпляра Цена в евро Служебна бележка Служебен тип на артикула Източник на класификационната схема
  Не е изгубен Не е повреден без рестрикции ползва се в читалня 135999 Регионална библиотека "Любен Каравелов" Русе Регионална библиотека "Любен Каравелов" Русе Хранилище 2009-03-09 Хранилище 0.00 120000734070 Цб 243119 120000734070 1 0.00 Дост: Dp Вид: Д N: 40 Дата: 17.09.2008 Книги  
  Не е изгубен Не е повреден без рестрикции заемане за дома 754886 Регионална библиотека "Любен Каравелов" Русе Регионална библиотека "Любен Каравелов" Русе Заемна - подръчен фонд 2020-01-29 Заемна - подръчен фонд 7.00   П 330.1/М 19 120000842055   3.58   Книги Universal Decimal Classification
Vip Innovations Ltd, Rousse, Bulgaria 2025